Foucault y la crisis de la modernidad /
সংরক্ষণ করুন:
| প্রধান লেখক: | |
|---|---|
| বিন্যাস: | পাঠ্য |
| বিষয়গুলি: | |
| ট্যাগগুলো: |
ট্যাগ যুক্ত করুন
কোনো ট্যাগ নেই, প্রথমজন হিসাবে ট্যাগ করুন!
|
MARC
| LEADER | 00000 a a2200000 04500 | ||
|---|---|---|---|
| 001 | 13649 | ||
| 003 | |||
| 040 | |||
| 100 | |a Mora Rodríguez, Arnoldo | ||
| 245 | |a Foucault y la crisis de la modernidad / |c Arnoldo Mora Rodríguez | ||
| 650 | |a EPISTEMOLOGIA | ||
| 650 | |a FILOSOFIA | ||
| 650 | |a CIENCIAS SOCIALES | ||
| 650 | |a HISTORIA | ||
| 650 | |a ETICA | ||
| 773 | |g volumen 81, número 2; páginas 111-115 | ||
| 999 | |c 39544 |d 39544 | ||
